| 000 -LEADER |
| fixed length control field |
00355cam a22001217a 4500 |
| 008 - FIXED-LENGTH DATA ELEMENTS--GENERAL INFORMATION |
| fixed length control field |
180718b1966 xxu||||| |||| 00| 0 eng d |
| 082 ## - DEWEY DECIMAL CLASSIFICATION NUMBER |
| Classification number |
A99 Si 64/P886 |
| 100 ## - MAIN ENTRY--PERSONAL NAME |
| Personal name |
Prasad, Rajiva Nain |
| 245 ## - TITLE STATEMENT |
| Title |
Raja Man Singh of Amber |
| Statement of responsibility, etc. |
by Rajiva Nain Prasad |
| 260 ## - PUBLICATION, DISTRIBUTION, ETC. |
| Place of publication, distribution, etc. |
Calcutta |
| Name of publisher, distributor, etc. |
The world |
| Date of publication, distribution, etc. |
1966 |
| 300 ## - PHYSICAL DESCRIPTION |
| Extent |
196p |
| 650 ## - SUBJECT ADDED ENTRY--TOPICAL TERM |
| Topical term or geographic name entry element |
Man Singh, Raja of Amber, 1550-1614. |